DESCRIPTIONS OF THE ALICYONARIA COLLECTED BY THE U.S .FISHERIES STEAMER "ALBATROSS" IN THE NORTHWESTERN PACIFIC 1906 (Record no. 233493)
[ view plain ]
| 000 -LEADER | |
|---|---|
| fixed length control field | 00798nam a22002417a 4500 |
| 003 - CONTROL NUMBER IDENTIFIER | |
| control field | LK-CoDNM |
| 005 - DATE AND TIME OF LATEST TRANSACTION | |
| control field | 20241219085450.0 |
| 008 - FIXED-LENGTH DATA ELEMENTS--GENERAL INFORMATION | |
| fixed length control field | 241218b |||||||| |||| 00| 0 eng d |
| 040 ## - CATALOGING SOURCE | |
| Original cataloging agency | LK-CoDNM |
| Modifying agency | LK-CoDNM |
| Description conventions | LK-CoDNM |
| 041 ## - LANGUAGE CODE | |
| Language code of text/sound track or separate title | English |
| 080 ## - UNIVERSAL DECIMAL CLASSIFICATION NUMBER | |
| Universal Decimal Classification number | 2 |
| Item number | C6 |
| 942 ## - ADDED ENTRY ELEMENTS (KOHA) | |
| Koha item type | Books |
| 100 ## - MAIN ENTRY--PERSONAL NAME | |
| Personal name | Nutting,Charles C |
| 245 ## - TITLE STATEMENT | |
| Title | DESCRIPTIONS OF THE ALICYONARIA COLLECTED BY THE U.S .FISHERIES STEAMER "ALBATROSS" IN THE NORTHWESTERN PACIFIC 1906 |
| 260 ## - PUBLICATION, DISTRIBUTION, ETC. (IMPRINT) | |
| Place of publication, distribution, etc. | goverment printing office |
| Name of publisher, distributor, etc. | washington |
| Date of publication, distribution, etc. | 1912 |
| 300 ## - PHYSICAL DESCRIPTION | |
| Extent | 104p. : 21 ill ; 24 cm |
| 490 ## - SERIES STATEMENT | |
| Series statement | Vol 44 |
| 650 ## - SUBJECT ADDED ENTRY--TOPICAL TERM | |
| Topical term or geographic name as entry element | Nutting,Charles C |
| 650 ## - SUBJECT ADDED ENTRY--TOPICAL TERM | |
| Topical term or geographic name as entry element | DESCRIPTIONS OF THE ALICYONARIA COLLECTED BY THE U.S .FISHERIES STEAMER "ALBATROSS" IN THE NORTHWESTERN PACIFIC 1906 |
| 650 ## - SUBJECT ADDED ENTRY--TOPICAL TERM | |
| Topical term or geographic name as entry element | 2 c 6 |
| 650 ## - SUBJECT ADDED ENTRY--TOPICAL TERM | |
| Topical term or geographic name as entry element | 1912 |
| 650 ## - SUBJECT ADDED ENTRY--TOPICAL TERM | |
| Topical term or geographic name as entry element | science |
| Withdrawn status | Lost status | Damaged status | Not for loan | Collection code | Permanent Location | Current Location | Shelving location | Date acquired | Full call number | Barcode | Koha item type |
|---|---|---|---|---|---|---|---|---|---|---|---|
| Damaged | Science | Library National Museum Colombo - Sri Lanka | Library National Museum Colombo - Sri Lanka | Reference | 2024-12-19 | 2 C6 | OS046-22 | Books |


